| 000 | 01142cam a2200313 i 4500 | ||
|---|---|---|---|
| 001 | 26148 | ||
| 003 | Mx-PuUPA | ||
| 005 | 20240410103741.0 | ||
| 008 | 140415s2015 mx a gr 000 0bspa d | ||
| 020 | _a9786076183205 | ||
| 040 |
_aMx-PuUPA _bspa _cMx-PuUPA _dMx-PuUPA _erda |
||
| 041 | 0 | _aspa | |
| 100 | 1 |
_aCharles, Victoria, _eautor _915032 |
|
| 240 | 1 | 0 |
_aVan Gogh. _lEspañol |
| 245 | 1 | 0 |
_aVincent van Gogh / _cVictoria Charles ; traducción, Daniel Suárez |
| 264 | 1 |
_aNaucalpan, Edo. de México : _bAdvanced Marketing, _c2015 |
|
| 300 |
_a255 páginas : _bilustraciones (a color) ; _c32 cm |
||
| 336 |
_2rdacontent _atexto _btxt |
||
| 336 |
_2rdacontent _aimagen fija _bsti |
||
| 337 |
_2rdamedia _asin medio _bn |
||
| 338 |
_2rdacarrier _avolumen _bnc |
||
| 650 | 7 |
_2armarc _aArtistas _zPaises bajos _x _vBiografía |
|
| 700 | 1 | 0 |
_aSuárez, Daniel, _etraductor |
| 765 | 0 | 8 |
_aCharles, Victoria, _dU.S.A. : Confidential Concepts, ©2015 _tVincent van Gogh. |
| 942 |
_2ddc _cLI _h759.9492 _iG613 |
||
| 999 |
_c26148 _d26148 |
||